| 000 | 01233nam a2200313Ia 4500 | ||
|---|---|---|---|
| 001 | ebr10377917 | ||
| 003 | CaPaEBR | ||
| 006 | m u | ||
| 007 | cr cn||||||||| | ||
| 008 | 090909s2009 enkabf sb 001 0 eng d | ||
| 020 | _z9781845119379 | ||
| 040 |
_aCaPaEBR _cCaPaEBR |
||
| 035 | _a(OCoLC)611104638 | ||
| 050 | 1 | 4 |
_aDS109.9 _b.M399 2009eb |
| 082 | 0 | 4 |
_a956.9442 _222 |
| 100 | 1 | _aMazza, Roberto. | |
| 245 | 1 | 0 |
_aJerusalem _h[electronic resource] : _bfrom the Ottomans to the British / _cRoberto Mazza. |
| 260 |
_aLondon : _bTauris Academic Studies, _c2009. |
||
| 300 |
_axx, 264 p., [16] p. plates : _bill., maps. |
||
| 490 | 1 |
_aLibrary of Middle East history ; _vv. 20 |
|
| 504 | _aIncludes bibliographical references and index. | ||
| 533 |
_aElectronic reproduction. _bPalo Alto, Calif. : _cebrary, _d2011. _nAvailable via World Wide Web. _nAccess may be limited to ebrary affiliated libraries. |
||
| 650 | 0 | _aHistory. | |
| 651 | 0 |
_aJerusalem _xHistory. |
|
| 655 | 7 |
_aElectronic books. _2local |
|
| 710 | 2 | _aebrary, Inc. | |
| 830 | 0 |
_aLibrary of Middle East history ; _vv. 20. |
|
| 856 | 4 | 0 |
_uhttp://site.ebrary.com/lib/rucke/Doc?id=10377917 _zAn electronic book accessible through the World Wide Web; click to view |
| 999 |
_c97620 _d97620 |
||